000 00484nam a2200181Ia 4500
001 19315
005 20260306172644.0
008 260306t1994||||xx |||||||||||||| ||spa||
041 _aESP
082 _a658.83
_bV37
100 _aVavra, Terry G.
_eAUT
245 0 _aAfter-marketing:
_bcómo conservar clientes de por vida mediante el marketing de relaciones
260 _c1994
300 _a287 páginas :
_c23 cm.
650 _aGEN
654 _aCAN
942 _cLIB
_dJUS
_fJUS
_2ddc
_n
999 _c19315
_d19315